Theory of machines & mechanisms / (Record no. 1937)
[ view plain ]
| 000 -LEADER | |
|---|---|
| fixed length control field | 00482nam a22001817a 4500 |
| 008 - FIXED-LENGTH DATA ELEMENTS--GENERAL INFORMATION | |
| fixed length control field | 200207b ||||| |||| 00| 0 eng d |
| 020 ## - INTERNATIONAL STANDARD BOOK NUMBER | |
| International Standard Book Number | 81-7409-122-X |
| Terms of availability | Rs.300.00 |
| 041 0# - LANGUAGE CODE | |
| Language code of text/sound track or separate title | eng |
| 082 00 - DEWEY DECIMAL CLASSIFICATION NUMBER | |
| Classification number | 621.8 |
| Item number | B188 |
| 100 ## - MAIN ENTRY--PERSONAL NAME | |
| Personal name | Ballaney, P. L. |
| 9 (RLIN) | 1533 |
| 245 10 - TITLE STATEMENT | |
| Title | Theory of machines & mechanisms / |
| 250 ## - EDITION STATEMENT | |
| Edition statement | 24th ed. |
| 260 ## - PUBLICATION, DISTRIBUTION, ETC. (IMPRINT) | |
| Place of publication, distribution, etc | Delhi : |
| Name of publisher, distributor, etc | Khanna Publisher, |
| Date of publication, distribution, etc | 2005. |
| 300 ## - PHYSICAL DESCRIPTION | |
| Extent | 1340 p. |
| 365 ## - TRADE PRICE | |
| Price amount | INR 300.00 |
| 650 #0 - SUBJECT ADDED ENTRY--TOPICAL TERM | |
| Topical term or geographic name as entry element | Machinery--Dynamics |
| 942 ## - ADDED ENTRY ELEMENTS (KOHA) | |
| Item type | Books |
| Withdrawn status | Lost status | Source of classification or shelving scheme | Damaged status | Not for loan | Permanent location | Current location | Date acquired | Source of acquisition | Full call number | Barcode | Date last seen | Cost, replacement price | Koha item type |
|---|---|---|---|---|---|---|---|---|---|---|---|---|---|
| IMU Kolkata | IMU Kolkata | 2000-08-09 | Jyoti, the Book People | 621.8 B188 | 09211 | 2020-02-07 | 165.00 | Books | |||||
| IMU Kolkata | IMU Kolkata | 2000-08-09 | Jyoti, the Book People | 621.8 B188 | 09212 | 2020-02-07 | 165.00 | Books | |||||
| IMU Kolkata | IMU Kolkata | 2007-05-31 | Jyoti, the Book People | 621.8 B188 | 09809 | 2020-02-13 | 300.00 | Books | |||||
| IMU Kolkata | IMU Kolkata | 2007-05-31 | Jyoti, the Book People | 621.8 B188 | 09810 | 2020-02-13 | 300.00 | Books | |||||
| IMU Kolkata | IMU Kolkata | 2007-05-31 | Jyoti, the Book People | 621.8 B188 | 09811 | 2020-02-13 | 300.00 | Books | |||||
| IMU Kolkata | IMU Kolkata | 2007-05-31 | Jyoti, the Book People | 621.8 B188 | 09812 | 2020-02-13 | 300.00 | Books | |||||
| IMU Kolkata | IMU Kolkata | 2007-05-31 | Jyoti, the Book People | 621.8 B188 | 09813 | 2020-02-13 | 300.00 | Books | |||||
| IMU Kolkata | IMU Kolkata | 2007-05-31 | Jyoti, the Book People | 621.8 B188 | 09814 | 2020-02-13 | 300.00 | Books | |||||
| IMU Kolkata | IMU Kolkata | 2007-05-31 | Jyoti, the Book People | 621.8 B188 | 09815 | 2020-02-13 | 300.00 | Books | |||||
| IMU Kolkata | IMU Kolkata | 2007-05-31 | Jyoti, the Book People | 621.8 B188 | 09816 | 2020-02-13 | 300.00 | Books | |||||
| IMU Kolkata | IMU Kolkata | 2007-05-31 | Jyoti, the Book People | 621.8 B188 | 09817 | 2020-02-13 | 300.00 | Books | |||||
| IMU Kolkata | IMU Kolkata | 2007-05-31 | Jyoti, the Book People | 621.8 B188 | 09818 | 2020-02-13 | 300.00 | Books | |||||
| IMU Kolkata | IMU Kolkata | 2021-06-14 | 621.8 B188 | 08800 | 2021-06-14 | Books |